00457 2200169 4500001002100000008004100021035002000062245006800082100001500150260002800165300002300193020002200216084001400238082000800252650001200260990001500272INLIS000000000003319 ind  a0010-1225000140 aArkeologi Menguak Rahasia Masa Lampau Yunani KunocMarni Mc Gee aGee, Marni aJakartabGramediac2023 a64 hlmc17 x 25 cm a978-602-424-778-2 a900 MAR a a900 aSejarah a19830/B/26